000 00824nam a2200205 a 4500
003 0
005 20250519152533.0
008 021127s19uu xx 00 eng d
050 _aPGS LC 225.3
_b.G633 2001
100 _aGomez, Erwin Kristoffer S.
245 _aSignificance of a positive parent teacher relationship in Southville International School as perceived by the grade 5 school parents /
_cErwin Kristoffer S. Gomez.
260 _aLas PiƱas City, Philippines :
_bSouthville International School and Colleges,
_c2001.
300 _a52 pages :
_billustrations ;
_c28 cm
504 _aIncludes bibliographical references.
650 _aHome and school.
650 _aParent-teacher relationships.
650 _aEducation, Elementary
_vParent participation.
650 _aParents
_vAttitudes.
942 _2lcc
_cPASS
999 _c96482
_d96482